Cosmology and gravitation (Record no. 15519)

MARC details
000 -LEADER
fixed length control field 00909nam a2200229Ia 4500
003 - CONTROL NUMBER IDENTIFIER
control field IN-BaIIA
008 - FIXED-LENGTH DATA ELEMENTS--GENERAL INFORMATION
fixed length control field 211028s9999 xx 000 0 eng d
020 ## - INTERNATIONAL STANDARD BOOK NUMBER
International Standard Book Number 0-7354-0131-4
040 ## - CATALOGING SOURCE
Transcribing agency IIA Library
080 ## - UNIVERSAL DECIMAL CLASSIFICATION NUMBER
Universal Decimal Classification number 524.834(082.2)
Item number COS
111 ## - MAIN ENTRY--MEETING NAME
Meeting name or jurisdiction name as entry element Brazilian School of Cosmology and Gravitation
Location of meeting Brazil
Date of meeting or treaty signing 2002 July 29 - Aug. 9
9 (RLIN) 28632
245 #0 - TITLE STATEMENT
Title Cosmology and gravitation
Remainder of title Xth Brazilian school of cosmology and gravitation held in Mangaratiba, Brazil, 29 July - 9 Aug 2002
Statement of responsibility, etc. edited by M. Novello and S. E. P. Bergliaff
260 ## - PUBLICATION, DISTRIBUTION, ETC.
Place of publication, distribution, etc. New York
Name of publisher, distributor, etc. American Institute of Physics
Date of publication, distribution, etc. 2003
300 ## - PHYSICAL DESCRIPTION
Extent x, 305p.
490 ## - SERIES STATEMENT
Series statement AIP conference proceedings; v. 668
650 ## - SUBJECT ADDED ENTRY--TOPICAL TERM
Topical term or geographic name entry element Cosmology
650 ## - SUBJECT ADDED ENTRY--TOPICAL TERM
Topical term or geographic name entry element Gravitation
700 ## - ADDED ENTRY--PERSONAL NAME
Personal name Bergliaff, S. E. P., ed.
9 (RLIN) 28633
700 ## - ADDED ENTRY--PERSONAL NAME
Personal name Novello, M., ed.
9 (RLIN) 28634
710 ## - ADDED ENTRY--CORPORATE NAME
Corporate name or jurisdiction name as entry element American Institute of Physics
9 (RLIN) 2416
942 ## - ADDED ENTRY ELEMENTS (KOHA)
Koha item type Books
Holdings
Withdrawn status Lost status Damaged status Not for loan Home library Current library Shelving location Date acquired Source of acquisition Cost, normal purchase price Total Checkouts Full call number Barcode Date last seen Cost, replacement price Price effective from Koha item type Purchase Price
        IIA Library-Bangalore IIA Library-Bangalore General Stacks 22/11/2003 SV 11880.75   524.834(082.2)/ COS 16441 05/11/2021 11880.75 22/11/2003 Books Rs. 11880.75

Powered by Koha